Statistiques concernant Maillot équipe de France de football par année

Cliquez ici pour prendre le quiz!

Statistiques générales

  • Ce quiz a été pris 69 fois
  • Le résultat moyen est 16 sur 19

Statistiques - réponses

Réponse% Correct
2018
97%
2020
97%
2014
93%
2024
93%
2022
92%
2016
90%
1998
86%
2012
86%
2008
85%
2006
83%
2010
81%
2000
80%
2004
76%
1986
71%
1990
71%
1992
71%
1994
69%
2002
69%
1996
64%

Distribution des résultats

Percentile par nombre de réponses

% des personnes avec chaque résultat

Votre développement - résultats

Vous n’avez pas pris ce quiz